Quiz o Szczecinie - Statystyki

Ogólne statystyki
  • Ten quiz został rozwiązany 37 razy
  • Średni wynik to 11 z 20
Statystyki odpowiedzi
Wskazówka Odpowiedź % Poprawnych
Największa rzeka przepływająca przez miasto Odra
100%
Największe jezioro znajdujące się w granicach miasta Dąbie
97%
Jest stolicą tego województwa zachodniopomorskie
94%
Najsłynniejszy klub piłkarski ze Szczecina Pogoń Szczecin
88%
Mityczne zwierze znajdujące się w herbie miasta gryf
79%
Jeżdżą w Szczecinie od 1897 roku tramwaje
76%
Jedna z dwóch istniejących do dzisiaj bram miejskich Brama Portowa / Brama Królewska
70%
Pseudonim szczecinianki śpiewającej przebój "My Słowianie" Cleo
70%
Taras widokowy o długości ok. 500 m na skarpie wzdłuż Odry Wały Chrobrego
70%
Trzeci co do wielkości cmentarz w Europie Cmentarz Centralny
64%
Zamek stanowiący siedzibę rodu Gryfitów Zamek Książąt Pomorskich
64%
Nazwa jednego z najstarszych działających nieprzerwanie w tym samym miejscu kin na świecie Pionier
58%
Puszcza położona przy południowo-wschodnich dzielnicach miasta Bukowa
42%
Największym parkiem miejskim w Szczecinie jest park..... Kasprowicza
42%
Nazwa najsłynniejszej baszty w mieście Siedmiu Płaszczy / Panieńska
24%
Centrum nauki znajdujące się na wyspie Łasztowni Morskie Centrum Nauki
21%
Miesiąc i rok protestów robotników upamiętnionych pomnikiemAnioła Wolności Grudzień 1970
18%
W Szczecinie znajduje się Bazylika Archikatedralna pw. świętego..... Jakuba
18%
Najsłynniejszy klub koszykarski ze Szczecina King Wilki Morskie
15%
Nazwisko szczecinianki grającej rolę Wandy Gruz w filimie "Ida" Kulesza
12%
Nie znaleziono quizów pasujących do podanych kryteriów
Rozkład punktacji
Procent ludzi z każdym wynikiem
Percentyl według liczby udzielonych odpowiedzi
Twoja historia wyników
Nie rozwiązałeś tego quizu